Nothing But Thieves - Moral Panic (The Complete Collection) (Album) - Statistiques

Statistiques générales
  • Ce quiz a été pris 4 fois
  • Le résultat moyen est 13 sur 16
Statistiques - réponses
Indice Réponse % Correct
11. Before We Drift Away
100%
3. Is Everybody Going Crazy?
100%
13. Moral Panic
100%
8. There Was Sun
100%
1. Unperson
100%
9. Can You Afford to Be An Individual?
75%
12. Ce n'est Rien
75%
4. Free If We Want It
75%
7. If I Were You
75%
6. Impossible
75%
10. Phobia
75%
15. This Feels Like The End
75%
16. Your Blood
75%
2. Futureproof
50%
5. Miracle, Baby
50%
14. Real Love Song
50%
Aucun quiz correspondant
Distribution des résultats
% des personnes avec chaque résultat
Percentile par nombre de réponses
Votre historique - résultats
Vous n’avez pas pris ce quiz